| 000 | 01007nam a2200265 i 4500 | ||
|---|---|---|---|
| 003 | EG-ScBUE | ||
| 005 | 20240707132759.0 | ||
| 008 | 110123s1996 ua f 000 0cara d | ||
| 017 | _a96 / 5912 | ||
| 020 | _a9770148334 | ||
| 040 |
_aEG-ScBUE _bara _erda _cEG-ScBUE _dEG-ScBUE |
||
| 082 | 0 | 4 |
_a928.162 _bع ا ش _222 |
| 100 | 1 |
_922144 _aعاشور، نعمان، _d1918-1987، _eمؤلف. |
|
| 245 | 1 | 0 |
_aمع الرواد / _cنعمان عاشور ؛ تقديم رجاء النقاش. |
| 264 | 1 |
_aالقاهرة : _bالهيئة المصرية العامة للكتاب، _c1996. |
|
| 300 |
_a162 صفحة ؛ _c21 سم. |
||
| 336 |
_2rdacontent _aنص _btxt |
||
| 337 |
_aبدون وسيط _2rdamedia _bn |
||
| 338 |
_aمجلد _bnc _2rdacarrier |
||
| 490 | 0 |
_aمكتبة الأسرة. _aالأعمال الفكرية |
|
| 541 |
_a؛ د. باسم أحمد _cإهداء ؛ |
||
| 650 | 7 |
_911526 _aالأدباء المصريون _vتراجم. _2BUEsh |
|
| 655 | _vReading book | ||
| 942 |
_2ddc _cBB |
||
| 999 |
_c14948 _d14948 |
||